000 01489cam a2200289 4500
001 ABS68199
008 040930n2004 000 0 eng u
035 _a(Sirsi) u127581
100 _aMarch, D.
245 4 _aThe harder parts of partnering
260 _c2004
490 _aConstruction Law Review
_v 2004, 20-24(4)
520 _aReviews current attitudes to partnering. Suggests it is intended to move the industry on from adversarial contracting. Outlines the history of partnering contracts and emphasises their differences from other types of contract. Distinguishes the different kinds of partnering contract such as bilateral co-operative construction and binding multiparty. Looks at some common complaints about partnering such as cost escalation. Concludes that despite the potential risks, partnering tends to reduce problems and disputes because of the collaborative way of working and the hierarchy of dispute resolution.
590 _aABS
590 _aABS
650 _aBUILT ENVIRONMENT-BUILDING CONTRACT FORMS
650 _aADVERSARIAL RELATIONSHIPS
650 _aPPC 2000
650 _aBE COLLABORATIVE CONTRACT
650 _aICHEME BURGUNDY BOOK 2003 EDITION
650 _aNEC PARTNERING OPTION X12 1ST ED
650 _aCIVIL LIABILITY (CONTRIBUTION) ACT 1978
650 _aJCT PRACTICE NOTE 4
650 _aLAW REFORM (CONTRIBUTORY NEGLIGENCE) ACT 1945
690 _aBUILDING AND CONSTRUCTION-PROCUREMENT, PARTNERING, TENDERING
942 _n0
999 _c118091
_d118091